বিজ্ঞান সাময়িকী / (Record no. 7827)
[ view plain ]
| 000 -LEADER | |
|---|---|
| fixed length control field | 00635nam a22002057a 4500 |
| 003 - CONTROL NUMBER IDENTIFIER | |
| JCCL marc code | BD-JhCC |
| 005 - DATE AND TIME OF LATEST TRANSACTION | |
| control field | 20181003171108.0 |
| 008 - FIXED-LENGTH DATA ELEMENTS--GENERAL INFORMATION | |
| fixed length control field | 180214b1977 bg ||||| |||| 00| 0 ben d |
| 035 ## - SYSTEM CONTROL NUMBER | |
| system control number | (BD-JhCC) |
| 040 ## - CATALOGING SOURCE | |
| Original cataloging agency | BD-JhCC |
| Modifying agency | BD-JhCC |
| 041 ## - LANGUAGE CODE | |
| Language code of Book | ben |
| 082 ## - DEWEY DECIMAL CLASSIFICATION NUMBER | |
| Classification number | 070.507 |
| Author mark and Year | IBR 1977 |
| 100 ## - MAIN ENTRY--PERSONAL NAME | |
| Personal name | ইব্রাহীম, মুহাম্মদ |
| 245 ## - TITLE STATEMENT | |
| Title | বিজ্ঞান সাময়িকী / |
| Statement of responsibility, etc | মুহাম্মদ ইব্রাহীম |
| 260 ## - PUBLICATION, DISTRIBUTION, ETC. (IMPRINT) | |
| Place of publication, distribution, etc | ঢাকা : |
| Name of publisher, distributor, etc | নিউ নেশন প্রেস, |
| 300 ## - PHYSICAL DESCRIPTION | |
| Pagination | 64 p. : |
| Dimensions | 22 cm. |
| 650 ## - SUBJECT ADDED ENTRY--TOPICAL TERM | |
| Topical term or geographic name as entry element | Science Magazine |
| 942 ## - ADDED ENTRY ELEMENTS (KOHA) | |
| Source of classification or shelving scheme | Dewey Decimal Classification |
| Koha item type | Books |
| Source of classification or shelving scheme | Damaged status | Not for loan | Home library | Current library | Shelving location | Date of accession | Total Checkouts | Full call number | Barcode | Date last seen | Copy number | Koha item type |
|---|---|---|---|---|---|---|---|---|---|---|---|---|
| Dewey Decimal Classification | JCC Rouf Library | JCC Rouf Library | General Stacks | 10/03/2018 | 070.507 IBR 1977 | 9968 | 10/03/2018 | C-1 | Books |